<?xml version="1.0" encoding="UTF-8"?>
<record
    xmlns:xsi="http://www.w3.org/2001/XMLSchema-instance"
    xsi:schemaLocation="http://www.loc.gov/MARC21/slim http://www.loc.gov/standards/marcxml/schema/MARC21slim.xsd"
    xmlns="http://www.loc.gov/MARC21/slim">

  <leader>01568nam a22002177a 4500</leader>
  <controlfield tag="005">20220217150105.0</controlfield>
  <controlfield tag="008">220217b           ||||| |||| 00| 0 eng d</controlfield>
  <datafield tag="020" ind1=" " ind2=" ">
    <subfield code="a">9789352865277</subfield>
  </datafield>
  <datafield tag="040" ind1=" " ind2=" ">
    <subfield code="c">AL</subfield>
  </datafield>
  <datafield tag="041" ind1=" " ind2=" ">
    <subfield code="a">eng</subfield>
  </datafield>
  <datafield tag="082" ind1=" " ind2=" ">
    <subfield code="2">23</subfield>
    <subfield code="a">658.4034</subfield>
    <subfield code="b">TAHO</subfield>
  </datafield>
  <datafield tag="100" ind1=" " ind2=" ">
    <subfield code="a">Hamdy A Taha</subfield>
    <subfield code="9">20611</subfield>
  </datafield>
  <datafield tag="245" ind1=" " ind2=" ">
    <subfield code="a">Operations research </subfield>
    <subfield code="c">An Introduction</subfield>
  </datafield>
  <datafield tag="250" ind1=" " ind2=" ">
    <subfield code="a">10th ed.</subfield>
  </datafield>
  <datafield tag="260" ind1=" " ind2=" ">
    <subfield code="a">India</subfield>
    <subfield code="b">Pearson Education</subfield>
    <subfield code="c">2018</subfield>
  </datafield>
  <datafield tag="300" ind1=" " ind2=" ">
    <subfield code="a">843p.</subfield>
    <subfield code="b">PB</subfield>
    <subfield code="c">23.2x17cm</subfield>
  </datafield>
  <datafield tag="365" ind1=" " ind2=" ">
    <subfield code="2">General</subfield>
    <subfield code="a">ABDI/0547/22</subfield>
    <subfield code="b">&#x20B9;659.25</subfield>
    <subfield code="c">&#x20B9;</subfield>
    <subfield code="d">&#x20B9;879.00</subfield>
    <subfield code="e">25</subfield>
    <subfield code="f">07-02-2022</subfield>
  </datafield>
  <datafield tag="520" ind1=" " ind2=" ">
    <subfield code="a">Operations Research provides a broad focus on algorithmic and practical implementation of Operations Research (OR) techniques, using theory, applications and computations to teach students OR basics. The book can be used conveniently in a survey course that encompasses all the major tools of operations research or in two separate courses on deterministic and probabilistic decision-making.With the Tenth Edition, the author preserves classical algorithms by providing essential hand computational algorithms as an important part of OR history. Based on input and submissions from OR students, professors and practitioners, the author also includes scenarios that show how classical algorithms can be beneficial in practice. These entries are included as Aha! Moments with each dealing with stories, anecdotes and issues in OR theory, applications, computations and teaching methodology that can advance the understanding of fundamental or concepts.</subfield>
  </datafield>
  <datafield tag="650" ind1=" " ind2=" ">
    <subfield code="2">Management</subfield>
    <subfield code="a">Operation research</subfield>
    <subfield code="9">20612</subfield>
  </datafield>
  <datafield tag="942" ind1=" " ind2=" ">
    <subfield code="2">ddc</subfield>
    <subfield code="c">BK</subfield>
  </datafield>
  <datafield tag="999" ind1=" " ind2=" ">
    <subfield code="c">221547</subfield>
    <subfield code="d">221547</subfield>
  </datafield>
  <datafield tag="952" ind1=" " ind2=" ">
    <subfield code="0">0</subfield>
    <subfield code="1">0</subfield>
    <subfield code="2">ddc</subfield>
    <subfield code="4">0</subfield>
    <subfield code="7">0</subfield>
    <subfield code="8">MCOM</subfield>
    <subfield code="a">SACPG</subfield>
    <subfield code="b">SACPG</subfield>
    <subfield code="d">2022-02-16</subfield>
    <subfield code="e">Academic Book Distributors</subfield>
    <subfield code="g">659.25</subfield>
    <subfield code="l">2</subfield>
    <subfield code="o">658.4034 TAHO</subfield>
    <subfield code="p">PG023620</subfield>
    <subfield code="r">2025-12-01 14:35:10</subfield>
    <subfield code="s">2025-06-16</subfield>
    <subfield code="v">879.00</subfield>
    <subfield code="w">2022-02-17</subfield>
    <subfield code="y">BK</subfield>
  </datafield>
</record>
